Представление документа в формате RUSMARC

ПолеНазваниеЗначение
  Тип записи a
  Библиографический уровень a
001 Контрольный номер RU/CBS_UL/BASE/c3b0daee9660487caf6d2aea22a7b522
005 Дата корректировки 20250124021543.2
100 Данные общей обработки __
a Данные общей обработки 20230217 ||| 0rusy0189 ca
101 Язык документа 0_
a Язык текста rus
102 Страна публикации __
a Страна публикации RU
200 Заглавие и сведения об ответственности 1_
a Заглавие Люди пока не понимают всей ценности мёда...
e Сведения, относящиеся к заглавию [интервью с председателем общественной организации пчеловодов Ульяновска В. И. Петуховым]
f Первые сведения об ответственности В. И. Петухов
461 Уровень набора _0
1 2000
a Симбирский курьер
463 Уровень физической единицы _0
1 2000
a № 6 (17 февр.)
v С. 9
1 2101
d 2023
1 001RU/CBS_UL/BASE/5a3fa3d6038044789fbc84cd73244b2c
600 Персоналии _1
a Персоналии (Фамилия) Петухов
b Персоналии (Имя, инициалы) В. И.
606 Тематические рубрики 0_
a Основная рубрика Пчеловодство - Ульяновская область
610 Ключевые слова 0_
a Ключевые слова пчеловодство
610 Ключевые слова 0_
a Ключевые слова ульяновские пчеловоды
610 Ключевые слова 0_
a Ключевые слова пчеловоды
610 Ключевые слова 0_
a Ключевые слова пчёлы
686 Индексы других классификаций __
a Классификационный индекс 46.91
700 Автор _1
a Фамилия Петухов
b Имя (инициалы) В. И.
801 Источник записи _0
a Страна RU
b Организация МБУК ЦБС г. Ульяновска
c Дата составления 20230217
g Правила каталогизации RCR
801 Источник записи _1
a Страна RU
b Организация МБУК ЦБС г. Ульяновска
c Дата составления 20230217
g Правила каталогизации RCR
901 Тип документа __
t Тип документа f
w Контрольный № источника RU/CBS_UL/BASE/5a3fa3d6038044789fbc84cd73244b2c